Manchester United - Tous les joueurs de 2010 à 2025 - Statistiques

Statistiques générales
  • Ce quiz a été pris 2 000 fois
    695 depuis la dernière actualisation
  • Le résultat moyen est 68 sur 163
Statistiques - réponses
Saisons Nationalités Joueur Nombre
De Matchs
Poste % Correct
2011 - 2023 Espagne DavidDe Gea 545 G
97%
2019 - Portugal BrunoFernandes 290 M
92%
2003 - 20092021 - 2023 Portugal CristianoRonaldo 346 A
91%
2016 - 2025 Angleterre MarcusRashford 426 A
90%
2011 - 20122016 - 2022 France PaulPogba 233 M
89%
2015 - 2024 France AnthonyMartial 317 A
88%
2004 - 2017 Angleterre WayneRooney 559 M/A
88%
2019 - Angleterre HarryMaguire 246 D
87%
2016 - 2018 Suède ZlatanIbrahimovic 53 A
86%
2023 - 2025 Cameroun AndreOnana 101 G
85%
2009 - 2019 Équateur AntonioValencia 339 D/M
84%
2022 - Brésil Casemiro 105 M
84%
2014 - Angleterre LukeShaw 287 D
83%
2005 - 2014 France PatriceEvra 379 D
81%
2002 - 2014 Angleterre RioFerdinand 455 D
81%
1990 - 2014 PaysDe Galles RyanGiggs 963 M
79%
2016 - 2024 Écosse ScottMcTominay 252 M
79%
2020 - 2022 Uruguay EdinsonCavani 59 A
78%
2013 - 2022 Espagne JuanMata 285 M
77%
2005 - 2014 Serbie NemanjaVidic 300 D
77%
2017 - 2025 Suède VictorLindelof 284 D
77%
2022 - 2025 Danemark ChristianEriksen 107 M
76%
2017 - 2019 Belgique RomeluLukaku 96 A
76%
2018 - 20202021 - Portugal DiogoDalot 208 D
75%
2017 - 2019 Chili AlexisSánchez 45 A
74%
2013 - 2019 Belgique MarouaneFellaini 177 M
74%
2006 - 2018 Angleterre MichaelCarrick 464 M
73%
2021 - 2024 France RaphaelVarane 95 D
73%
2022 - Argentine LisandroMartinez 91 D
72%
2021 - 2025 Argentine AlejandroGarnacho 144 A
71%
2018 - 2023 Brésil Fred 213 M
71%
2007 - 2014 Portugal Nani 230 A
71%
1994 - 2013 Angleterre PaulScholes 716 M
71%
2023 - 2025 Danemark RasmusHojlund 95 A
71%
2012 - 2015 Pays - Bas RobinVan Persie 105 A
71%
2010 - 2014 Mexique JavierHernandez 157 A
70%
2005 - 2012 CoréeDu Sud Ji-SungPark 205 M
70%
2024 - France LennyYoro 33 D
70%
2024 - Uruguay ManuelUgarte 45 M
69%
2024 - Pays - Bas MatthijsDe Ligt 42 D
69%
2017 - 2022 Serbie NemanjaMatic 189 M
68%
2011 - 2023 Angleterre PhilJones 229 D
68%
2014 - 2015 Argentine AngelDi Maria 32 A
67%
2022 - 2025 Brésil Antony 96 A
67%
2024 - Maroc NoussairMazraoui 57 D
67%
2008 - 2012 Bulgarie DimitarBerbatov 149 A
66%
2021 - 20222023 - Cote D'ivoire AmadDiallo 64 A
65%
2005 - 2011 Pays - Bas EdwinVan Der Sar 266 G
65%
2014 - 2019 Espagne AnderHerrera 189 M
63%
2016 - 2022 Cote D'ivoire EricBailly 113 D
63%
2015 - 2017 Pays - Bas MemphisDepay 53 A
62%
2008 - 20152023 - 2025 IrlandeDu Nord JonnyEvans 241 D
61%
2019 - 2024 Angleterre AaronWan - Bissaka 190 D
60%
2010 - 2019 Angleterre ChrisSmalling 323 D
60%
2022 - Angleterre KobbieMainoo 72 M
59%
2014 - 2015 Colombie RadamelFalcao 29 A
59%
2019 - 2021 Pays De Galles DanielJames 74 A
58%
2016 - 2018 Arménie HenrikhMkhitaryan 63 M
58%
2014 - 2022 Angleterre JesseLingard 232 M
58%
2014 - 2020 Argentine MarcosRojo 122 D
58%
2015 - 2021 Argentine SergioRomero 61 G
58%
2014 - 2015 Angleterre ReeceJames 1 D
57%
2015 - 2017 Allemagne BastianSchweinsteiger 35 M
54%
2021 - 2024 Angleterre JadonSancho 82 A
54%
2015 - 2019 Italie MatteoDarmian 92 D
54%
2015 - 2017 France MorganSchneiderlin 47 M
54%
2008 - 2015 Brésil Rafael 170 D
54%
2012 - 2014 Japon ShinjiKagawa 57 M
54%
2023 - 2024 Maroc SofyanAmrabat 30 M
54%
2011 - 2020 Angleterre AshleyYoung 261 D/M
53%
1992 - 2011 Angleterre GaryNeville 600 D
53%
2024 - Pays - Bas JoshuaZirkzee 49 A
53%
2023 - Angleterre MasounMount 46 M
51%
2022 - Pays - Bas TyrellMalacia 47 D
50%
2014 - 2018 Pays - Bas DaleyBlind 141 D
49%
2020 - 2023 Suède AnthonyElanga 55 A
47%
2002 - 2015 Écosse DarrenFletcher 342 M
47%
2020 - 2024 Pays - Bas DonnyVan De Beek 62 M
47%
2018 - 2022 Angleterre MasonGreenwood 129 A
47%
2011 - 20132014 - 2015 Angleterre MichaelKeane 5 D
47%
2011 - 20132015 - 2016 Irlande WillKeane 3 A
47%
2022 - 2023 Autriche MarcelSabitzer 18 M
46%
2012 - 2015 Belgique AdnanJanuzaj 63 A
45%
2007 - 2015 Brésil Anderson 181 M
45%
2008 - 20102011 - 2014 Angleterre DannyWelbeck 142 A
44%
2024 - Danemark PatrickDorgu 20 D/M
44%
2023 - Turquie AltayBayindir 11 G
43%
2020 - 2022 Angleterre DeanHenderson 29 G
42%
1999 - 2011 Irlande JohnO'Shea 394 D
41%
2019 - 2020 Nigéria OdionIghalo 23 A
38%
2020 - 2024 Tunisie HannibalMejbri 13 M
37%
2021 - Angleterre TomHeaton 3 G
35%
2020 - 2022 Brésil AlexTelles 50 D
34%
2014 - 20162018 - 2020 Brésil AndreasPereira 75 M
34%
2008 - 20122013 - 2014 Brésil Fábio 56 D
34%
2022 - 2023 Pays - Bas WoutWeghorst 31 A
34%
2016 - 2018 Portugal JoelPereira 3 G
32%
2022 - 2024 Uruguay FacundoPellistri 24 A
29%
2014 - 2015 Espagne VictorValdés 2 G
29%
1997 - 2011 Angleterre WesBrown 362 D
28%
2011 - 2012 Angleterre LarnellCole 1 M
25%
2024 - Angleterre AydenHeaven 6 D
24%
2016 - 20182019 - 2021 RépubliqueDémocratique Du Congo AxelTuanzebe 37 D
23%
2009 - 2012 Angleterre MichaelOwen 52 A
23%
2008 - 2013 Italie FedericoMacheda 36 A
21%
2018 - 2020 Pays - Bas TahithChong 16 A
21%
2018 - 20212022 - 2023 Angleterre BrandonWilliams 51 D
20%
2024 - Danemark ChidoObi 8 A
20%
2013 - 2014 CoteD'ivoire WilfriedZaha 4 A
20%
2015 - 20172019 - 2021 Pays - Bas TimothyFosu - Mensah 30 D
19%
2023 - 2024 Espagne SergioReguilon 12 D
18%
2011 - 2014 Angleterre TomCleverley 79 M
18%
2016 - 2020 Angleterre AngelGomes 10 M
17%
2010 - 2011 Cap - Vert Bebe 7 A
17%
2007 - 2011 Angleterre OwenHargreaves 39 M
16%
2021 - 2023 Irak ZidaneIqbal 1 M
15%
2009 - 2011 France GabrielObertan 27 M/A
14%
2014 - 2016 Angleterre JamesWilson 20 A
13%
2024 - 2025 Angleterre HarryAmass 7 D/M
12%
2022 - 2023 Slovaquie MartinDubravka 2 G
12%
2023 - 2024 France WillyKambwala 10 D
12%
2012 - 2014 Pays - Bas AlexanderButtner 28 D
11%
2024 - 2025 Angleterre TobyCollyer 13 M
10%
2015 - 2016 Uruguay GuillermoVarela 11 D
9%
2006 - 2012 Pologne TomaszKuszczak 61 G
9%
2015 - 2016 Angleterre CameronBorthwick - Jackson 14 D
8%
2009 - 20102012 - 2013 Norvège JoshuaKing 2 A
8%
2014 - 2016 IrlandeDu Nord PaddyMcNair 27 D
8%
2018 - 2020 Angleterre JamesGarner 7 M
7%
2018 - 2022 Angleterre LeeGrant 2 G
7%
2019 - 2022 Angleterre SholaShoretire 5 A
7%
2024 - Angleterre TylerFredricson 2 D
7%
2010 - 2015 Danemark AndersLindergaard 29 G
6%
2023 - 2025 Angleterre DanielGore 2 M
6%
2005 - 20062008 - 2012 Irlande DarronGibson 60 M
6%
2009 - 20102011 - 2012 Sénégal MameDiouf 9 A
6%
2023 - 2025 Angleterre EthanWheatley 4 A
5%
2012 - 20132015 - 2016 Angleterre NickPowell 9 M
5%
2014 - 2015 Angleterre TylerBlackett 12 D
5%
2019 - 2021 Angleterre EthanLaird 2 D
4%
2019 - 20202021 - 2022 Angleterre TedenMengi 2 D
4%
2008 - 2012 Angleterre BenAmos 7 G
3%
2021 - 2023 PaysDe Galles CharlieSavage 1 M
3%
2016 - 2017 Angleterre DemetriMitchell 1 D
3%
2019 - 2020 Belgique LargieRamazani 1 A
3%
2023 - 2024 Angleterre OmariForson 7 A
3%
2010 - 2012 Jamaique RavelMorrison 3 M
3%
2019 - 2020 Angleterre Di'ShonBernard 1 D
2%
2015 - 2016 Écosse DonaldLove 2 D
2%
2019 - 2020 PaysDe Galles DylanLevitt 1 M
2%
2019 - 2021 Angleterre EthanGalbraith 1 M
2%
2015 - 2016 Angleterre JoeRiley 2 D
2%
2016 - 2017 Angleterre JoshHarrop 1 M
2%
2015 - 2016 PaysDe Galles ReganPoole 1 D
2%
2012 - 2013 Irlande RobbieBrady 1 M
2%
2012 - 2013 Angleterre RyanTunnicliffe 2 M
2%
2020 - 2021 Angleterre WillFish 1 D
2%
2011 - 2012 Angleterre ZekiFryers 6 D
2%
2019 - 2020 Angleterre D'ManiMellor 1 A
1%
2012 - 20132014 - 2015 Belgique MarnickVermijl 2 D
1%
2014 - 2015 Gambie SaidyJanko 1 D
1%
2012 - 2013 Angleterre ScottWootton 4 D
1%
2013 - 2014 PaysDe Galles TomLawrence 1 A
1%
Aucun quiz correspondant
Distribution des résultats
% des personnes avec chaque résultat
Percentile par nombre de réponses
Votre historique - résultats
Vous n’avez pas pris ce quiz depuis la dernière actualisation